|
|
|
|
| LEADER |
00000nam0a2200000 4500 |
| 001 |
302546 |
| 005 |
20231102001520.0 |
| 035 |
|
|
|a (RuTPU)RU\TPU\book\327753
|
| 090 |
|
|
|a 302546
|
| 100 |
|
|
|a 20150824d1983 km y0rusy50 ca
|
| 101 |
0 |
|
|a rus
|
| 102 |
|
|
|a UA
|
| 105 |
|
|
|a a z 001zy
|
| 200 |
1 |
|
|a Технический надзор при газификации объектов
|f Ю. К. Серветник, В. Д. Ошовский, И. И. Кулага
|
| 210 |
|
|
|a Киев
|c Будiвельник
|d 1983
|
| 215 |
|
|
|a 80 с.
|c ил.
|
| 320 |
|
|
|a Библиогр.: с. 78
|
| 606 |
1 |
|
|a Газификация
|2 stltpush
|3 (RuTPU)RU\TPU\subj\4544
|9 32802
|
| 610 |
1 |
|
|a технический надзор
|
| 610 |
1 |
|
|a организация
|
| 610 |
1 |
|
|a оборудование
|
| 610 |
1 |
|
|a арматура
|
| 610 |
1 |
|
|a материалы
|
| 610 |
1 |
|
|a газопроводы
|
| 610 |
1 |
|
|a строительство
|
| 610 |
1 |
|
|a котельные
|
| 610 |
1 |
|
|a автоматика
|
| 610 |
1 |
|
|a газоснабжение
|
| 610 |
1 |
|
|a газорегуляторные пункты
|
| 610 |
1 |
|
|a приемка
|
| 610 |
1 |
|
|a техническая документация
|
| 675 |
|
|
|a 696.2.004.58
|v 4
|
| 700 |
|
1 |
|a Серветник
|b Ю. К.
|g Юрий Климентьевич
|
| 701 |
|
1 |
|a Ошовский
|b В. Д.
|g Владимир Данилович
|
| 701 |
|
1 |
|a Кулага
|b И. И.
|g Иван Иванович
|
| 801 |
|
1 |
|a RU
|b 63413507
|c 20150824
|
| 801 |
|
2 |
|a RU
|b 63413507
|c 20190410
|g RCR
|
| 942 |
|
|
|c BK
|